Province del Piemonte (con mappa) - Statistics

Statistiche generali
  • Questo quiz è stato fatto 8.778 volte
  • Il punteggio medio è 6 su 8
Risposte nella Mappa
Le risposte nella mappa del quiz sottostante sono codificate secondo una scala di colori dal rosso al verde in base alla % di persone che hanno risposto correttamente.
 
Statistiche sulle risposte
Provincia % Corretto
Torino
99%
Alessandria
89%
Cuneo
86%
Asti
80%
Novara
76%
Vercelli
75%
Biella
74%
Verbano-Cusio-Ossola
63%
Nessun quiz corrispondente trovato
Distribuzione punteggi
Percentuale di utenti per punteggio
Percentile per numero di risposta
I tuoi punteggi nel tempo
Non hai fatto questo quiz